Les prévisions de main-d'oeuvre dans la planification de l'enseignement
Bewaard in:
| Coauteur: | |
|---|---|
| Formaat: | Boek |
| Taal: | Frans |
| Gepubliceerd in: |
París
OECD
1967
|
| Reeks: | Développement des Ressources Humaines
|
| Onderwerpen: | |
| Tags: |
Voeg label toe
Geen labels, Wees de eerste die dit record labelt!
|
MARC
| LEADER | 00000nam a2200000 a 4500 | ||
|---|---|---|---|
| 001 | UCQ2161 | ||
| 003 | CL-VaPUC | ||
| 008 | 980721e19670000FR |||||||||||||||||fre|d | ||
| 082 | 0 | 4 | |a 331.07 |b ORG |2 21 |
| 110 | 2 | |a Organisation de Coopération et de Développement Economiques |e author |9 416109 | |
| 245 | 1 | 4 | |a Les prévisions de main-d'oeuvre dans la planification de l'enseignement |
| 300 | |a 221 p | ||
| 942 | |c BK | ||
| 945 | |d 19980721 00:00:00 |a crobeson | ||
| 260 | |a París |b OECD |c 1967 | ||
| 650 | 7 | |a EDUCACION Y EMPLEO |2 CL-VaPUC |9 338744 | |
| 650 | 7 | |a EDUCACION PARA EL DESARROLLO |2 CL-VaPUC |9 335858 | |
| 650 | 7 | |a DESARROLLO DE RECURSOS |2 CL-VaPUC |9 414371 | |
| 650 | 0 | |a Recursos humanos |9 228420 | |
| 583 | |a last modification |c 20160929 10:08:15 |k Rodrigo Vera | ||
| 490 | 0 | |a Développement des Ressources Humaines | |
| 999 | |c 273002 |d 273000 | ||